000 00640nam a2200205Ii 4500
003 JO-AjNU
008 230605s9999||||xx |||||||||||||| ||und||
017 _a1331
040 _aJO-AjNU
_bara
_erda
_cJO-AjNU
041 _aara
050 1 4 _aSD338.K4244 1987
100 3 _aالخفاف ، رياض صالح,
_eauthor
_917711
245 0 0 _aهندسة الغابات(الطرق والجسور )
264 3 1 _aالموصل:وزارة التعليم العالي ، 1987
300 _a268ص
336 _atext
_btxt
_2rdacontent
337 _aunmediated
_bn
_2rdamedia
338 _avolume
_bnc
_2rdacarrier
650 4 _aالغابات
_917712
999 _aA5530
_c9098
_d9098